00391nam a2200121Ia 4500008004100000082001700041100002000058245006600078260003500144300001000179630001800189650006200207211109s9999||||xx |||||||||||||| ||und|| a332.4bGOV-R aGovt Of India,  0aReport of the Royal Commission on Indian Currency and Finance bGovt. of IndiaaCalcuttac1929 a144p. xGeneral Stack aIndiavCurrency questionFinanceFinance, PublicxGeneralia